Statistics for Only The Poets - Hold Me (Lyrics)

Click here to take the quiz!

General Stats

  • This quiz has been taken 14 times
  • The average score is 278 of 391

Answer Stats

Answer% Correct
We
100%
From
100%
hold
100%
Hold
100%
I
100%
me
100%
the
100%
The
100%
They
100%
they
100%
We
100%
you
100%
You
100%
all
83%
All
83%
And
83%
and
83%
be
83%
by
83%
do
83%
for
83%
go
83%
If
83%
if
83%
in
83%
it
83%
It
83%
it's
83%
just
83%
Just
83%
more
83%
not
83%
our
83%
that
83%
to
83%
were
83%
we're
83%
your
83%
at
67%
Can't
67%
can't
67%
don't
67%
Don't
67%
Even
67%
got
67%
say
67%
So
67%
so
67%
tell
67%
time
67%
you're
67%
you've
67%
adventures
50%
answers,
50%
answers
50%
any
50%
away
50%
back
50%
bay
50%
born
50%
But
50%
care
50%
'Cause
50%
change
50%
coast
50%
disasters
50%
I'd
50%
world's
50%
dreamers
50%
drive
50%
edge
50%
ending
50%
everything
50%
getting
50%
I'd
50%
I'm
50%
keep
50%
know
50%
Lately,
50%
leaving
50%
light
50%
little
50%
lost
50%
mean
50%
might
50%
moments
50%
morning
50%
move
50%
much
50%
of
50%
older
50%
Only
50%
over
50%
past
50%
photos
50%
pretending
50%
promise
50%
push
50%
rainbows
50%
rather
50%
remember
50%
scared
50%
seasons
50%
sets
50%
side
50%
south
50%
sun
50%
think
50%
tides
50%
'til
50%
troubled
50%
walk
50%
wanna
50%
waterfalls
50%
world's
50%
years
50%

Score Distribution

Percentile by Number Answered

Percent of People with Each Score

Your Score History

You have not taken this quiz